Land reclamation (Record no. 546182)
[ view plain ]
| 000 -LEADER | |
|---|---|
| fixed length control field | 00900cam a22002057a 4500 |
| 020 ## - INTERNATIONAL STANDARD BOOK NUMBER | |
| International Standard Book Number | 9058095622 |
| 082 00 - DEWEY DECIMAL CLASSIFICATION NUMBER | |
| Classification number | 624 |
| Author Mark | MOO |
| -- | N-01, P-146 |
| 110 2# - MAIN ENTRY--CORPORATE NAME | |
| Corporate name or jurisdiction name as entry element | International Affiliation of Land Reclamationists. |
| 9 (RLIN) | 42264 |
| 245 10 - TITLE STATEMENT | |
| Title | Land reclamation |
| Remainder of title | extending the boundaries : proceedings of the Seventh International Conference of the International Affiliation of Land Reclamationists, Runcorn, United Kingdom, 13-16 May 2003 / |
| Statement of responsibility, etc. | edited by Heather M. Moore & Howard R. Fox, Scott Elliott. |
| 260 ## - PUBLICATION, DISTRIBUTION, ETC. | |
| Place of publication, distribution, etc. | Lisse ; |
| -- | Exton (PA) : |
| Name of publisher, distributor, etc. | Balkema, |
| Date of publication, distribution, etc. | c2003. |
| 526 ## - STUDY PROGRAM INFORMATION NOTE | |
| Program name | 0 |
| Interest level | 0 |
| Reading level | 0 |
| Title point value | 624_000000000000000_MOO |
| 650 #0 - SUBJECT ADDED ENTRY--TOPICAL TERM | |
| Topical term or geographic name entry element | NUST |
| 9 (RLIN) | 6342 |
| 650 #0 - SUBJECT ADDED ENTRY--TOPICAL TERM | |
| Topical term or geographic name entry element | Reclamation of land |
| 9 (RLIN) | 42265 |
| 650 #0 - SUBJECT ADDED ENTRY--TOPICAL TERM | |
| Topical term or geographic name entry element | Restoration ecology |
| 9 (RLIN) | 2513 |
| 700 1# - ADDED ENTRY--PERSONAL NAME | |
| Personal name | Elliott, Scott, |
| 9 (RLIN) | 42266 |
| 700 1# - ADDED ENTRY--PERSONAL NAME | |
| Personal name | Fox, Howard R. |
| 9 (RLIN) | 42267 |
| 700 1# - ADDED ENTRY--PERSONAL NAME | |
| Personal name | Moore, Heather M. |
| 9 (RLIN) | 42268 |
| 856 40 - ELECTRONIC LOCATION AND ACCESS | |
| Uniform Resource Identifier | <a href="http://www.columbia.edu/cgi-bin/cul/resolve?clio9126700">http://www.columbia.edu/cgi-bin/cul/resolve?clio9126700</a> |
| 942 ## - ADDED ENTRY ELEMENTS (KOHA) | |
| Source of classification or shelving scheme | |
| Koha item type | Book |
| Withdrawn status | Lost status | Source of classification or shelving scheme | Damaged status | Not for loan | Permanent Location | Current Location | Date acquired | Total Checkouts | Full call number | Barcode | Date last seen | Price effective from | Koha item type |
|---|---|---|---|---|---|---|---|---|---|---|---|---|---|
| Military College of Engineering (MCE) | Military College of Engineering (MCE) | 06/04/2014 | 624 MOO | MCE-38198 | 06/04/2014 | 06/04/2014 | Book |
